Responsabilidad civil en el transporte aéreo : daños a los pasajeros en el transporte internacional /

La creciente importancia del transporte aéreo internacional hacía necesario este trabajo, el cual se ocupa de la responsabilidad de las líneas aéreas por los daños sufridos por los pasajeros en el transporte aéreo internacional. Esta materia, propia del Derecho Aeronáutico, se encuentra sometida a u...

Full description

Bibliographic Details
Main Author: Prado Donoso, Maximiliano
Format: Libro
Language:Spanish
Published: Santiago, Chile Lexis Nexis 2005
Edition:1a.ed.
Subjects:
Online Access:

MARC

LEADER 00000cam a2200000 a 4500
001 011570
003 UAHC_CL
005 20170803120811.0
008 071218s2005 cl 000 spa
020 |a 9562385701 
040 |a UAHC_CL  |c UAHC_CL  |d UAHC_CL 
082 0 4 |a 343.830978  |b P896  |2 21 
100 1 |a Prado Donoso, Maximiliano 
245 1 0 |a Responsabilidad civil en el transporte aéreo :  |b daños a los pasajeros en el transporte internacional /  |c Maximiliano Prado Donoso. 
250 |a 1a.ed. 
260 |b Lexis Nexis  |a Santiago, Chile  |c 2005 
300 |a v, 198 p. 
520 |a La creciente importancia del transporte aéreo internacional hacía necesario este trabajo, el cual se ocupa de la responsabilidad de las líneas aéreas por los daños sufridos por los pasajeros en el transporte aéreo internacional. Esta materia, propia del Derecho Aeronáutico, se encuentra sometida a un régimen legal especial contenido en la Convención de Varsovia y sus modificaciones posteriores, el cual excluye la aplicación de las normas ordinarias de la responsabilidad civil. El plan de la obra se inicia con una exposición general de los distintos convenios internacionales que han regulado el transporte aéreo, junto a otras fuentes normativas que pueden resultar aplicables. A continuación, se procura fundamentar con claridad la aplicabilidad de este régimen especial en Chile, estableciendo su coordinación con las normas del Código Aeronáutico. Sobre las bases anteriores, el autor expone el régimen de responsabilidad por daños a las personas contenido en la Convención de Varsovia, presentando sus características generales y explorando las cuestiones problemáticas a la luz de la jurisprudencia nacional y comparada. Entre otras materias, se analizan los requisitos de la responsabilidad del transportista, las defensas de que éste puede valerse, la limitación de responsabilidad y los casos en que la limitación no se aplica. Como capítulo final, se ofrecen ciertas consideraciones generales acerca de la Convención de Montreal de 1999, tratado internacional que ha sistematizado y refundido el Convenio de Varsovia y sus modificaciones, y que aún no ha sido ratificado por Chile. 
630 0 4 |a CONVENCION DE VARSOVIA  |d (1929) 
650 4 |a RESPONSABILIDAD POR ACCIDENTES AEREOS  |z CHILE 
650 4 |a AERONAUTICA COMERCIAL  |x ASPECTOS JURIDICOS  |z CHILE 
653 |a DERECHO 
900 |a 343.830978 PRA 
942 |c BK 
952 |0 0  |1 0  |4 0  |6 343_830978000000000_PRA  |7 0  |8 General  |9 23527  |a BC  |b BC  |c General  |d 2017-08-03  |l 0  |o 343.830978 PRA  |p 1361797  |r 2026-01-13 00:00:00  |t 1  |w 2017-08-03  |y BK 
952 |0 0  |1 0  |4 0  |6 343_830978000000000_PRA  |7 0  |8 General  |9 23528  |a BC  |b BC  |c General  |d 2017-08-03  |l 0  |o 343.830978 PRA  |p 1361798  |r 2026-01-13 00:00:00  |t 2  |w 2017-08-03  |y BK 
999 |c 11570  |d 11570